00633nam a2200181 a 4500001001000000005001700010008004100027050002100068100003600089245010100125260002700226300001900253500000800272651002300280651003600303651005600339651005600395BRCA_286020190320204014.0101208s1869----nyu#---###---#000-0#eng-u 4aF1226b.A22 18691 aAbbot, Gorham Dummerd1807-187410aMéxico and the United Statesbtheir mutual relations and common interestscby Gorham D. Abbot. aNew YorkbPutnamc1869 a391 p.c24 cm. aB13 4aMéxicoxHistoria 4aMéxicoxHistoria eclesiastica 4aMéxicoxRelaciones (generales) con Estados Unidos 4aEstados UnidosxRelaciones (generales) con México